<?xml version="1.0" encoding="UTF-8"?>
<record
    xmlns:xsi="http://www.w3.org/2001/XMLSchema-instance"
    xsi:schemaLocation="http://www.loc.gov/MARC21/slim http://www.loc.gov/standards/marcxml/schema/MARC21slim.xsd"
    xmlns="http://www.loc.gov/MARC21/slim">

  <leader>00196nam a2200085   4500</leader>
  <controlfield tag="001">1256668</controlfield>
  <controlfield tag="005">20260102114540.0</controlfield>
  <datafield tag="245" ind1=" " ind2=" ">
    <subfield code="a">&#xDC;NS&#xDC;Z YOUTUBERIN G&#xDC;NL&#xDC;&#x11E;&#xDC;</subfield>
    <subfield code="c">M&#x130;YASE SERTBARUT</subfield>
  </datafield>
  <datafield tag="260" ind1=" " ind2=" ">
    <subfield code="b">ALTIN</subfield>
  </datafield>
  <datafield tag="999" ind1=" " ind2=" ">
    <subfield code="c">1256668</subfield>
    <subfield code="d">1256668</subfield>
  </datafield>
  <datafield tag="952" ind1=" " ind2=" ">
    <subfield code="0">0</subfield>
    <subfield code="1">0</subfield>
    <subfield code="2">ddc</subfield>
    <subfield code="4">0</subfield>
    <subfield code="7">0</subfield>
    <subfield code="a">1031</subfield>
    <subfield code="b">1031</subfield>
    <subfield code="d">2026-01-02</subfield>
    <subfield code="l">0</subfield>
    <subfield code="p">10317575</subfield>
    <subfield code="r">2026-01-02 11:45:46</subfield>
    <subfield code="w">2026-01-02</subfield>
    <subfield code="y">BK</subfield>
  </datafield>
</record>
